000 01318nam a22003134a 4500
001 ebr10090500
003 CaPaEBR
006 m u
007 cr cn|||||||||
008 021212s2003 ne sb 001 0 eng
020 _z9004129642 (hb)
040 _aCaPaEBR
_cCaPaEBR
035 _a(OCoLC)191936079
050 1 4 _aBS2589
_b.T345 2003eb
082 0 4 _a226.4/06
_221
100 1 _aTalbert, Charles H.
245 1 0 _aReading Luke-Acts in its Mediterranean milieu
_h[electronic resource] /
_cby Charles H. Talbert.
260 _aLeiden ;
_aBoston :
_bBrill,
_c2003.
300 _axii, 255 p.
490 1 _aSupplements to Novum Testamentum,
_x0167-9732 ;
_vv. 107
504 _aIncludes bibliographical references (p. [219]-231) and indexes.
533 _aElectronic reproduction.
_bPalo Alto, Calif. :
_cebrary,
_d2013.
_nAvailable via World Wide Web.
_nAccess may be limited to ebrary affiliated libraries.
630 0 0 _aBible.
_pN.T.
_pLuke
_xCriticism, interpretation, etc.
630 0 0 _aBible.
_pN.T.
_pActs
_xCriticism, interpretation, etc.
655 7 _aElectronic books.
_2local
710 2 _aebrary, Inc.
830 0 _aSupplements to Novum Testamentum ;
_vv. 107.
856 4 0 _uhttp://site.ebrary.com/lib/rucke/Doc?id=10090500
_zAn electronic book accessible through the World Wide Web; click to view
999 _c71981
_d71981